Comentarios a la Veritatis Splendor.

Salvato in:
Dettagli Bibliografici
Autore principale: Pozo Abejón, Gerardo del (edición dirigida)
Altri autori: Yanes Álvarez, Elías (presentación)
Natura: Libro
Lingua:inglese
Pubblicazione: Madrid, España: Biblioteca de Autores Cristianos, 1994.
Serie:Biblioteca de Autores Cristianos (BAC),
Soggetti:
Tags: Aggiungi Tag
Nessun Tag, puoi essere il primo ad aggiungerne!!

MARC

LEADER 00000nam a22000007a 4500
003 CL-VaPUC
005 20250103100420.0
008 230801t1994 ||||| |||| 00| 0 eng d
999 |c 441469  |d 441467 
020 |a 84-7914-157-3 
040 |c Pontificia Universidad Católica de Valparaíso 
082 |2 22  |a 262.91 POZ 1994 
100 |9 883990  |a Pozo Abejón, Gerardo del  |e edición dirigida 
245 |a Comentarios a la Veritatis Splendor.  
260 |a Madrid, España:   |b Biblioteca de Autores Cristianos,   |c 1994. 
300 |a XXXII, 763 páginas.  
490 |a Biblioteca de Autores Cristianos (BAC),  |n  545. 
500 |a c.1 Donación Sr. Jorge Precht Pizarro. 26-05-23. Biblioteca Teología. 
583 |c 20230801  |k Yessy Sthefany Diaz Vidal 
600 0 |a Juan Pablo II,  |q (Wojtyła, Karol Józef),   |c Papa  |d 1920-2005  |t Veritatis Splendor   |x Carta encíclica   |y 1993  |9 866320 
650 0 |a Iglesia Católica  |x Encíclicas  |x Enseñanza moral   |9 256114 
700 |9 868543  |a Yanes Álvarez, Elías  |e presentación 
942 |2 ddc  |c BK 
952 |0 0  |1 0  |2 ddc  |4 0  |6 262_910000000000000_POZ_1994  |7 0  |8 A  |9 591056  |a BIBTEO  |b BIBTEO  |c GEN  |d 2023-08-01  |e Donación   |i 5658236  |o 262.91 POZ 1994  |p 5658236  |r 2025-01-17  |t 1  |w 2023-08-01  |y BK  |k ICR